00423nam a22001572 4500001001100000005001700011008004100028040001500069100003300084245005400117250001300171260003100184300001200215651003500227852000300262000001177720151217155847.0090108s xx 000 0 eng d aKABUcKABU1 aClarke, P. H. C.@000016778212aA Short history of Tanganyika /cP. H. C. Clarke. a1st ed. aLondon :bLongmans,c1960. a154 p. 0aTanzaniaxHistory.@00001486411